Statystyki dla Regiony Francji - Quiz na mapie

Kliknij tutaj aby rozwiązać quiz!

Ogólne statystyki

  • Ten quiz został rozwiązany 14 554 razy
  • Średni wynik to 6 z 13

Odpowiedzi na mapie

Odpowiedzi skodowane kolorowo w zielono-czerwonej skali na mapie do tego quizu, zgodnie z poniższymi procentami.
 

Statystyki odpowiedzi

Odpowiedź% Poprawnych
Bretania
81%
Korsyka
79%
Normandia
67%
Prowansja-Alpy-Lazurowe Wybrzeże
62%
Île-de-France
50%
Owernia-Rodan-Alpy
44%
Region Centralny-Dolina Loary
41%
Burgundia-Franche-Comté
39%
Oksytania
36%
Grand Est
35%
Kraj Loary
35%
Nowa Akwitania
35%
Hauts-de-France
33%

Rozkład punktacji

Percentyl według liczby udzielonych odpowiedzi

Procent ludzi z każdym wynikiem

Twoja historia wyników

Nie rozwiązałeś tego quizu